This or That? Country Flags - Statistics

General Stats
  • This quiz has been taken 274 times
  • The average score is 32 of 40
Answer Stats
Question Tile Select % Correct
Netherlands No
96%
Ireland No
96%
Netherlands No
95%
Ireland No
95%
Slovakia No
92%
Iraq No
92%
Netherlands No
91%
Samoa No
90%
Netherlands Yes
89%
Slovakia No
89%
Benin No
88%
Iraq No
88%
Cook Islands No
88%
Singapore No
88%
Romania No
88%
Samoa No
87%
Singapore No
86%
Romania No
85%
Iraq No
84%
United Arab Emirates No
84%
Singapore No
84%
Benin No
83%
Slovakia No
82%
United Arab Emirates No
82%
United Arab Emirates No
81%
Benin No
80%
Singapore Yes
77%
Ireland Yes
76%
Iraq Yes
75%
Ireland No
74%
Cook Islands No
74%
Slovakia Yes
73%
Samoa No
73%
Cook Islands No
67%
Samoa Yes
65%
Benin Yes
64%
Romania No
64%
United Arab Emirates Yes
62%
Romania Yes
57%
Cook Islands Yes
46%
No matching quizzes found
Score Distribution
Percent of People with Each Score
Percentile by Number Answered
Your Score History
You have not taken this quiz